Mechanical behaviors of carbon nanotubes : (Record no. 170353)
[ view plain ]
| 000 -LEADER | |
|---|---|
| fixed length control field | 01127cam a2200313Ii 4500 |
| 008 - FIXED-LENGTH DATA ELEMENTS--GENERAL INFORMATION | |
| fixed length control field | |
| 020 ## - INTERNATIONAL STANDARD BOOK NUMBER | |
| International Standard Book Number | 9780323431378 (Hardback) |
| 040 ## - CATALOGING SOURCE | |
| Original cataloging agency | NUST |
| Transcribing agency | NUST |
| 040 ## - CATALOGING SOURCE | |
| Original cataloging agency | UMI |
| Language of cataloging | eng |
| Description conventions | rda |
| -- | pn |
| Transcribing agency | NUST |
| Modifying agency | TOH |
| -- | CEF |
| -- | KSU |
| -- | OCLCQ |
| -- | DEBBG |
| -- | AU@ |
| -- | UAB |
| -- | DST |
| 090 #4 - LOCALLY ASSIGNED LC-TYPE CALL NUMBER (OCLC); LOCAL CALL NUMBER (RLIN) | |
| Classification number (OCLC) (R) ; Classification number, CALL (RLIN) (NR) | TA418.9.N35 |
| Local cutter number (OCLC) ; Book number/undivided call number, CALL (RLIN) | LIE |
| 003 - CONTROL NUMBER IDENTIFIER | |
| control field | |
| 005 - DATE AND TIME OF LATEST TRANSACTION | |
| control field | 20230123141244.0 |
| 049 ## - LOCAL HOLDINGS (OCLC) | |
| Holding library | MAIN |
| 100 1# - MAIN ENTRY--PERSONAL NAME | |
| Personal name | Liew, K. M., |
| Relator term | author |
| 245 10 - TITLE STATEMENT | |
| Title | Mechanical behaviors of carbon nanotubes : |
| Remainder of title | theoretical and numerical approaches / |
| Statement of responsibility, etc. | K.M. Liew, Jian-Wei Yan, Lu-Wen Zhang |
| 264 #1 - PRODUCTION, PUBLICATION, DISTRIBUTION, MANUFACTURE, AND COPYRIGHT NOTICE | |
| Place of production, publication, distribution, manufacture | Amsterdam, Netherlands : |
| Name of producer, publisher, distributor, manufacturer | Elsevier, |
| Date of production, publication, distribution, manufacture, or copyright notice | [2017] |
| 300 ## - PHYSICAL DESCRIPTION | |
| Extent | xii, 449 pages : |
| Other physical details | illustrations , |
| Dimensions | 25 cm |
| 336 ## - CONTENT TYPE | |
| Content type term | text |
| Content type code | txt |
| Source | rdacontent |
| 337 ## - MEDIA TYPE | |
| Media type term | unmediated |
| Media type code | c |
| Source | rdamedia |
| 338 ## - CARRIER TYPE | |
| Carrier type term | volume |
| Carrier type code | cr |
| Source | rdacarrier |
| 490 1# - SERIES STATEMENT | |
| Series statement | Micro and nano technologies series |
| 500 ## - GENERAL NOTE | |
| General note | Includes index |
| 504 ## - BIBLIOGRAPHY, ETC. NOTE | |
| Bibliography, etc. note | Includes bibliographical references |
| 650 #0 - SUBJECT ADDED ENTRY--TOPICAL TERM | |
| Topical term or geographic name entry element | Carbon nanotubes |
| General subdivision | Mechanical properties |
| 700 1# - ADDED ENTRY--PERSONAL NAME | |
| Personal name | Yan, Jian-Wei, |
| Relator term | author |
| 700 1# - ADDED ENTRY--PERSONAL NAME | |
| Personal name | Zhang, Lu-Wen, |
| Relator term | author |
| 907 ## - LOCAL DATA ELEMENT G, LDG (RLIN) | |
| a | .b1041891x |
| b | 15-06-22 |
| c | 23-05-22 |
| 942 ## - ADDED ENTRY ELEMENTS (KOHA) | |
| Koha item type | Ordinary Loan Books |
| Call number prefix | TA418.9.N35 |
| Call number suffix | LIE |
| Date last seen | Total Checkouts | Full call number | Barcode | Cost, replacement price | Price effective from | Koha item type | Lost status | Source of classification or shelving scheme | Damaged status | Not for loan | Collection | Withdrawn status | Home library | Current library | Shelving location | Date acquired | Cost, normal purchase price |
|---|---|---|---|---|---|---|---|---|---|---|---|---|---|---|---|---|---|
| 01/23/2023 | TA418.9.LIE | 92004052109 | 80.00 | 01/23/2023 | BOOKS | lcc | NFIC | MAIN | MAIN | GEN | 01/23/2023 | 80.00 |